आधुनिका / (Record no. 56316)

MARC details
000 -LEADER
fixed length control field 01312nam a22002657a 4500
005 - DATE AND TIME OF LATEST TRANSACTION
control field 20081117123210.0
008 - FIXED-LENGTH DATA ELEMENTS--GENERAL INFORMATION
fixed length control field 081117t xxu||||| |||| 00| 0 hin d
010 ## - LCCN (DPL NO)
LC control number HIN-93878
020 ## - INTERNATIONAL STANDARD BOOK NUMBER
Terms of availability 150.00
International Standard Book Number 9789381050019
035 ## - SYSTEM CONTROL NUMBER
System control number HN-66224
037 ## - SOURCE OF ACQUISITION
Source of stock number/acquisition DBAD / PUB
040 ## - CATALOGING SOURCE
Original cataloging agency DPL
Language of cataloging HN
082 ## - DEWEY DECIMAL CLASSIFICATION NUMBER
Classification number 821
100 ## - MAIN ENTRY--PERSONAL NAME
Personal name पाण्डेय, शिव कुमार 'विराट '
9 (RLIN) 34335
245 ## - TITLE STATEMENT
Title आधुनिका /
Statement of responsibility, etc शिव कुमार पाण्डेय 'विराट ';हरिश्चन्द्र शाक्य द्वारा संपादित
246 ## - VARYING FORM OF TITLE
Title proper/short title Aadhunika
Remainder of title Shiv Kumar Pandey ' Virat'
260 ## - PUBLICATION, DISTRIBUTION, ETC. (IMPRINT)
Place of publication, distribution, etc मेरठ
Name of publisher, distributor, etc निरूपमा प्रकाशन
Date of publication, distribution, etc 2011
270 ## - ADDRESS
Address 506/13, शास्त्री नगर
City मेरठ (उ.प्र.)
Telephone number 0121- 2709511
Electronic mail address nirupmaprakashan@gmail.com
300 ## - PHYSICAL DESCRIPTION
Extent 112पृ
Dimensions 22सेमी (सजिल्द)
650 ## - SUBJECT ADDED ENTRY--TOPICAL TERM
9 (RLIN) 34325
Topical term or geographic name as entry element हिन्दी कविता
650 ## - SUBJECT ADDED ENTRY--TOPICAL TERM
9 (RLIN) 34326
Topical term or geographic name as entry element Hindi Poetry
700 ## - ADDED ENTRY--PERSONAL NAME
9 (RLIN) 34327
Personal name शाक्य, हरिश्चन्द्र
942 ## - ADDED ENTRY ELEMENTS (KOHA)
Source of classification or shelving scheme Dewey Decimal Classification
Item type Hindi Books
Call number suffix पाण्डेय
Classification part 821
Holdings
Withdrawn status Lost status Source of classification or shelving scheme Damaged status Not for loan Collection code Home library Current library Date acquired Source of acquisition Cost, normal purchase price Total Checkouts Full call number Barcode Date last seen Copy number Cost, replacement price Koha item type
    Dewey Decimal Classification   Not For Loan Non-fiction D.B.Act.Division D.B.Act.Division 05/09/2011 DBAD / PUB 150.00   821 पाण्डेय HN-66224 05/09/2011 1 150.00 Hindi Books

© Delhi Public Library
Hit Counter
free hit counter